000 00288nam a22001337a 4500
008 170719b xxu||||| |||| 00| 0 eng d
020 _a0933782004
041 _aeng
080 _a2
100 _a24
101 _aTEO
245 _aON THE SOCIOLOGY OF ISLAM
_cALGAR, H
942 _2udc
_cBK
999 _c21526
_d21526